Score 0/20 Timer 03:00
1 Play Today
% Correct
STATE
93.4%
STALE
92.4%
SLATE
90.9%
SLOTS
89.2%
MANTLE
88%
BROWS
86.6%
SLATS
86.5%
BLOTS
81.4%
BLOWS
81%
CATTLE
80%
% Correct
MANTEL
77.2%
TATTLE
74.6%
CANTLE
69.1%
MANUEL
58.8%
MANTEE
56.8%
BROWN
53.2%
TITTLE
52.8%
MANUAL
49.3%
STYLE
43.9%
LITTLE
39.1%

Today's Daily Dose

Remove Ads.
Support Sporcle.
Get the best of Sporcle when you Go Orange. This ad-free experience offers more features, more stats, and more fun while also helping to support Sporcle. Thank you for becoming a member.

You're not logged in!

Compare scores with friends on all Sporcle quizzes.
OR
Log In

Show Comments

Extras

Top Quizzes Today


Score Distribution

Your Account Isn't Verified!

In order to create a playlist on Sporcle, you need to verify the email address you used during registration. Go to your Sporcle Settings to finish the process.

Report this User

Report this user for behavior that violates our Community Guidelines.

Details: